export_success — 

Kindesvertretung : Konkret, partizipativ, transdisziplinär.

Bibliographic Details
Main Author: Blum, Stefan.
Other Authors: Brunner, Sabine., Grossniklaus, Peter., Herzig, Christophe A., Jeltsch-Schudel, Barbara., Meier, Susanne.
Format: eBook
Language:German
Published: Bielefeld : transcript, 2022.
Edition:1st ed.
Series:Gesellschaft der Unterschiede
Subjects:
Online Access:Click to View
LEADER 01656nam a22004333i 4500
001 EBC7153684
003 MiAaPQ
005 20231204023228.0
006 m o d |
007 cr cnu||||||||
008 231204s2022 xx o ||||0 ger d
020 |a 9783839464441  |q (electronic bk.) 
020 |z 9783837664447 
035 |a (MiAaPQ)EBC7153684 
035 |a (Au-PeEL)EBL7153684 
035 |a (OCoLC)1355220833 
040 |a MiAaPQ  |b eng  |e rda  |e pn  |c MiAaPQ  |d MiAaPQ 
100 1 |a Blum, Stefan. 
245 1 0 |a Kindesvertretung :  |b Konkret, partizipativ, transdisziplinär. 
250 |a 1st ed. 
264 1 |a Bielefeld :  |b transcript,  |c 2022. 
264 4 |c {copy}2022. 
300 |a 1 online resource (261 pages) 
336 |a text  |b txt  |2 rdacontent 
337 |a computer  |b c  |2 rdamedia 
338 |a online resource  |b cr  |2 rdacarrier 
490 1 |a Gesellschaft der Unterschiede 
588 |a Description based on publisher supplied metadata and other sources. 
590 |a Electronic reproduction. Ann Arbor, Michigan : ProQuest Ebook Central, 2023. Available via World Wide Web. Access may be limited to ProQuest Ebook Central affiliated libraries.  
655 4 |a Electronic books. 
700 1 |a Brunner, Sabine. 
700 1 |a Grossniklaus, Peter. 
700 1 |a Herzig, Christophe A. 
700 1 |a Jeltsch-Schudel, Barbara. 
700 1 |a Meier, Susanne. 
776 0 8 |i Print version:  |a Blum, Stefan  |t Kindesvertretung  |d Bielefeld : transcript,c2022  |z 9783837664447 
797 2 |a ProQuest (Firm) 
830 0 |a Gesellschaft der Unterschiede 
856 4 0 |u https://ebookcentral.proquest.com/lib/matrademy/detail.action?docID=7153684  |z Click to View